Information Processing & Management <An> International Journal

Uložené v:
Podrobná bibliografia
Médium: Seriál
Jazyk:English
Vydavateľské údaje: Oxford ELSEVIER 2017
Predmet:
Tagy: Pridať tag
Žiadne tagy, Buďte prvý, kto otaguje tento záznam!

MARC

LEADER 00000nas2a2200000 4500
001 0282292
005 20220303085314.2
022 |a 0306-4573 
041 0 |a eng 
044 |a US 
245 1 0 |a Information Processing & Management  |b <An> International Journal 
264 1 |a Oxford  |b ELSEVIER  |c 2017 
773 0 |w eu_un_cat*0193862 
610 2 0 |a informatika 
610 2 0 |a proces informačný 
610 2 0 |a distribúcia informácií 
610 2 0 |a manažment 
610 2 0 |a výskum